000
00341nam a2200145 a 4500
008
980710s1973||||xx 0 und c
040
_a
SNK
_b
slo
_c
SNK
_e
AACR2
100
1
_a
Kidson, Peter
245
1
0
_a
Románské a gotické umění
260
_a
Praha
_b
Artia
_c
1973
300
_a
198 s.
044
_a
xo
_c
SK
041
_a
slo
020
_c
95
999
_c
14972
_d
14972